000 00335nam a2200145 i 4500
001 bg
100 1 _aBARLIK, Marcin
245 0 _aWybrane zagadnienia z geofizyki /
_cR. Barlik.
260 _aWarszawa,
_c1986.
040 _cBPK
041 _apol
080 _a550.3(075.8)
942 _cKS
008 s pl f |000 0 pol
999 _c3087
_d3087
856 _uhttp://koha.tu.koszalin.pl/cgi-bin/koha/opac-detail.pl?biblionumber=3087
_yKatalog online BPK